| 000 | 01030cam a2200301 i 4500 | ||
|---|---|---|---|
| 999 |
_c129607 _d129607 |
||
| 001 | 17959614 | ||
| 003 | ARRUPE | ||
| 005 | 20190521103106.0 | ||
| 008 | 131202s2013 rh a b 000 0 eng | ||
| 010 | _a 2013439490 | ||
| 020 | _a9780797456341 | ||
| 040 |
_aDLC _beng _cDLC _erda |
||
| 042 |
_alcode _apcc |
||
| 043 | _af-rh--- | ||
| 050 | 0 | 0 |
_aDT2906 _bZ56 2013 |
| 245 | 0 | 0 |
_aZimbabwean archaeology in the post-independence era / _cedited by Munyaradzi Manyanga and Seke Katsamudanga. |
| 260 |
_aHarare _bSapes Books _c2013 |
||
| 300 |
_axiv, 270 p. : _billustrations (some color) ; _c24 cm |
||
| 504 | _aIncludes bibliographical references. | ||
| 651 | 0 |
_aZimbabwe _xAntiquities. _99546 |
|
| 700 | 1 |
_aManyanga, Munyaradzi, _eeditor. _944398 |
|
| 700 | 1 |
_aKatsamudanga, Seke, _eeditor. _946408 |
|
| 906 |
_a7 _bcbc _corigode _d3 _encip _f20 _gy-gencatlg |
||
| 942 |
_2lcc _cMONOGRAPH |
||